<?xml version="1.0" encoding="UTF-8"?>
<marc:record xmlns:marc="http://www.loc.gov/MARC21/slim">
   <marc:leader>00000nam a2200000 a 4500</marc:leader>
   <marc:datafield ind1="1" ind2=" " tag="100">
      <marc:subfield code="a">Lucas, John</marc:subfield>
      <marc:subfield code="4">aut</marc:subfield>
      <marc:subfield code="e">Verfasser/-in</marc:subfield>
   </marc:datafield>
   <marc:datafield ind1="0" ind2="0" tag="245">
      <marc:subfield code="a">No Way Back</marc:subfield>
   </marc:datafield>
   <marc:datafield ind1=" " ind2="1" tag="264">
      <marc:subfield code="b">Random House</marc:subfield>
      <marc:subfield code="c">2014</marc:subfield>
   </marc:datafield>
   <marc:datafield ind1="1" ind2=" " tag="520">
      <marc:subfield code="a">Bisher war Jays Gang- Dasein in der Londoner Vorstadt nur ein schräges Kinderspiel aus Drogen, Party und Gewalt. Die härtesten Entscheidungen: welche Klamotten man anzieht oder wo man abends rumhängen wird. Doch an seinem 16. Geburtstag wird Jay zu den Olders aufsteigen, und dazu muss er beweisen, dass er alles für seine Brüder tun würde. Als Jay ein Mitglied aus einer rivalisierenden Gang umbringen soll, wird ihm ´bewusst, dass Entscheidungen über Leben und Tod nicht bei ihm liegen sollten. Aber es gibt kein zurück mehr...</marc:subfield>
   </marc:datafield>
   <marc:datafield ind1=" " ind2=" " tag="020">
      <marc:subfield code="a">9783570309063</marc:subfield>
      <marc:subfield code="9">9783570309063</marc:subfield>
   </marc:datafield>
</marc:record>
